Statistics for Lakes by Satellite Image #4

Click here to take the quiz!

General Stats

  • This quiz has been taken 12 times
  • The average score is 4 of 20

Answer Stats

Answer% Correct
Lake Nasser
55%
Crater Lake
45%
Lake Tahoe
45%
Lake Lucerne
36%
Lake Volta
36%
Loch Lomond
36%
Chiemsee
27%
IJsselmeer
27%
Lough Neagh
27%
Lake Taupō
18%
Dongting Lake
9%
Lake Athabasca
9%
Lake Bled
9%
Lake Ilmen
9%
Lake Trasimeno
9%
Lake Tuz
9%
Lop Nur
9%
Poopó Lake
9%
Uvs Lake
9%
West Lake
9%

Score Distribution

Percentile by Number Answered

Percent of People with Each Score

Your Score History

You have not taken this quiz